[Event "CZE-chT2A 1516"]
[Site "Czech Republic"]
[Date "2015.10.18"]
[Round "1.6"]
[White "Boukal, Petr"]
[Black "Sedlacek, Tomas"]
[Result "1/2-1/2"]
[WhiteElo "2125"]
[BlackElo "2105"]
[PlyCount "42"]
[EventDate "2015.10.18"]
[EventType "team-tourn"]
[EventRounds "11"]
[EventCountry "CZE"]
[SourceTitle "EXT 2022"]
[Source "ChessBase"]
[SourceDate "2021.10.06"]
[SourceVersion "1"]
[SourceVersionDate "2021.10.06"]
[SourceQuality "1"]
[WhiteTeam "Vysehrad II"]
[BlackTeam "Praha Dukla"]
[WhiteTeamCountry "CZE"]
[BlackTeamCountry "CZE"]

1. e4 e6 2. d4 d5 3. e5 b6 4. c3 Qd7 5. Nf3 Ne7 6. Be3 Nf5 7. Nbd2 Ba6 8. Bxa6 Nxa6 9. Qe2 Nb8 10. 0-0 c5 11. c4 cxd4 12. Nxd4 Nxd4 13. Bxd4 Nc6 14. Nf3 Be7 15. cxd5 exd5 16. Bc3 0-0 17. Rad1 Rad8 18. h3 Rfe8 19. Rfe1 Qe6 20. Nd4 Nxd4 21. Bxd4 Bb4 1/2-1/2

[Event "CZE-chT1W 1112"]
[Site "Czech Republic"]
[Date "2012.01.15"]
[Round "6.7"]
[White "Boukal, Petr"]
[Black "Oresky, Jan"]
[Result "1-0"]
[WhiteElo "2207"]
[BlackElo "2227"]
[PlyCount "97"]
[EventDate "2011.10.02"]
[EventType "team-tourn"]
[EventRounds "11"]
[EventCountry "CZE"]
[SourceTitle "EXT 2013"]
[Source "ChessBase"]
[SourceDate "2012.11.22"]
[SourceVersion "1"]
[SourceVersionDate "2012.11.22"]
[SourceQuality "1"]
[WhiteTeam "Vysehrad"]
[BlackTeam "Novoborsky II"]
[WhiteTeamCountry "CZE"]
[BlackTeamCountry "CZE"]

1. e4 c5 2. Nf3 d6 3. Bb5+ Nc6 4. 0-0 Nf6 5. Re1 Bd7 6. c3 a6 7. Ba4 b5 8. Bc2 e6 9. d3 Be7 10. Nbd2 h6 11. Nf1 Rc8 12. h3 Nh7 13. N3h2 e5 14. Ne3 0-0 15. Nhf1 Re8 16. Ng3 Bg5 17. Ngf5 Be6 18. Bb3 Nf8 19. Bxe6 fxe6 20. Ng3 Rc7 21. Ngf1 Rf7 22. g3 d5 23. Ng2 d4 24. Bxg5 Qxg5 25. a3 Rd8 26. Qc2 Rfd7 27. c4 Qe7 28. Rac1 b4 29. a4 b3 30. Qxb3 Rb8 31. Qc2 Rdb7 32. Rb1 Nb4 33. Qe2 Na2 34. Qc2 Qd7 35. Nh4 Rb4 36. Nf3 Qb7 37. Nxe5 Nc3 38. bxc3 Rxb1 39. Rxb1 Qxb1 40. Qxb1 Rxb1 41. cxd4 cxd4 42. c5 Rc1 43. c6 Rc5 44. f4 g5 45. Nd2 Kh7 46. Nb3 Rc3 47. f5 exf5 48. exf5 Rc2 49. Nc4 1-0

[Event "CZE-chT1W 1112"]
[Site "Czech Republic"]
[Date "2011.11.13"]
[Round "3.6"]
[White "Boukal, Petr"]
[Black "Folk, Petr"]
[Result "1/2-1/2"]
[WhiteElo "2207"]
[BlackElo "2238"]
[PlyCount "66"]
[EventDate "2011.10.02"]
[EventType "team-tourn"]
[EventRounds "11"]
[EventCountry "CZE"]
[SourceTitle "EXT 2012"]
[Source "ChessBase"]
[SourceDate "2011.11.24"]
[SourceVersion "1"]
[SourceVersionDate "2011.11.24"]
[SourceQuality "1"]
[WhiteTeam "Vysehrad"]
[BlackTeam "Kozolupy"]
[WhiteTeamCountry "CZE"]
[BlackTeamCountry "CZE"]

1. e4 c5 2. Nf3 e6 3. d3 Nc6 4. g3 d5 5. Nbd2 g6 6. Bg2 Bg7 7. 0-0 Nge7 8. c3 b6 9. Re1 Bb7 10. Qc2 Qd7 11. Nf1 Rd8 12. e5 Qc7 13. Qe2 h6 14. h4 a5 15. N1h2 Kd7 16. a3 a4 17. d4 c4 18. Ng4 Na5 19. Bf4 Kc8 20. Rad1 Kb8 21. Be3 Bc6 22. Nd2 Ka7 23. Nh2 Rdf8 24. Bh3 Bd7 25. Ndf1 Nf5 26. Bg2 Nb7 27. Bc1 Nd8 28. Ng4 Nb7 29. Nfh2 Qd8 30. Nf3 Qe7 31. Bd2 Qd8 32. Bc1 Bc6 33. Bd2 Bd7 1/2-1/2

[Event "CZE-chT1W 1112"]
[Site "Czech Republic"]
[Date "2011.10.02"]
[Round "1.8"]
[White "Benes, Petr1111"]
[Black "Boukal, Petr"]
[Result "1-0"]
[WhiteElo "2089"]
[BlackElo "2207"]
[PlyCount "121"]
[EventDate "2011.10.02"]
[EventType "team-tourn"]
[EventRounds "11"]
[EventCountry "CZE"]
[SourceTitle "EXT 2012"]
[Source "ChessBase"]
[SourceDate "2011.11.24"]
[SourceVersion "1"]
[SourceVersionDate "2011.11.24"]
[SourceQuality "1"]
[WhiteTeam "Praha Holdia II"]
[BlackTeam "Vysehrad"]
[WhiteTeamCountry "CZE"]
[BlackTeamCountry "CZE"]

1. Nf3 Nf6 2. g3 g6 3. b3 Bg7 4. Bb2 0-0 5. Bg2 d6 6. d4 e5 7. dxe5 Ng4 8. h3 Nxe5 9. Nxe5 Bxe5 10. Bxe5 dxe5 11. Qxd8 Rxd8 12. Nd2 Nc6 13. 0-0-0 Be6 14. g4 Kg7 15. c4 h6 16. Bxc6 bxc6 17. Ne4 Rxd1+ 18. Rxd1 Re8 19. Nc5 Bc8 20. f3 Kf6 21. h4 Ke7 22. Rd3 f5 23. gxf5 gxf5 24. Re3 Kd6 25. Nd3 Re6 26. b4 Re7 27. Nc5 Rg7 28. Rd3+ Ke7 29. Ra3 a6 30. Nxa6 Rg1+ 31. Kd2 Rh1 32. Nb8 Rxh4 33. c5 Bd7 34. Kc3 Rh1 35. Nxd7 Kxd7 36. Kc2 Ra1 37. Rd3+ Ke6 38. Kb2 Re1 39. Rd2 h5 40. a4 h4 41. e3 Rxe3 42. b5 cxb5 43. axb5 Rxf3 44. b6 cxb6 45. c6 Rf4 46. Rc2 Rg4 47. c7 Rg8 48. c8Q+ Rxc8 49. Rxc8 Kf6 50. Rg8 f4 51. Kc2 Kf5 52. Kd3 e4+ 53. Ke2 b5 54. Kf2 b4 55. Rb8 h3 56. Rxb4 f3 57. Rb8 Kf4 58. Rf8+ Kg4 59. Rh8 Kf4 60. Rh4+ Ke5 61. Ke3 1-0

[Event "CZE-chT2A 1011"]
[Site "Czech Republic"]
[Date "2011.03.27"]
[Round "10"]
[White "Klecker, Tadeas"]
[Black "Boukal, Petr"]
[Result "1-0"]
[WhiteElo "2221"]
[BlackElo "2210"]
[PlyCount "33"]
[EventDate "2010.10.17"]
[EventType "team-tourn"]
[EventRounds "11"]
[EventCountry "CZE"]
[SourceTitle "EXT 2012"]
[Source "ChessBase"]
[SourceDate "2011.11.24"]
[SourceVersion "1"]
[SourceVersionDate "2011.11.24"]
[SourceQuality "1"]
[WhiteTeam "Praha Oaza"]
[BlackTeam "Vysehrad II"]
[WhiteTeamCountry "CZE"]
[BlackTeamCountry "CZE"]

1. d4 Nf6 2. c4 g6 3. Nf3 Bg7 4. g3 0-0 5. Bg2 d6 6. 0-0 Nc6 7. Nc3 a6 8. h3 Rb8 9. e4 b5 10. e5 Ne8 11. cxb5 axb5 12. Bf4 Na5 13. Qe2 c6 14. b4 Nb7 15. d5 cxd5 16. Nxd5 h6 17. Rad1 1-0

[Event "CZE-chT2A 1011"]
[Site "Czech Republic"]
[Date "2011.02.06"]
[Round "7"]
[White "Janocko, Petr"]
[Black "Boukal, Petr"]
[Result "1/2-1/2"]
[WhiteElo "2087"]
[BlackElo "2210"]
[PlyCount "122"]
[EventDate "2010.10.17"]
[EventType "team-tourn"]
[EventRounds "11"]
[EventCountry "CZE"]
[SourceTitle "EXT 2012"]
[Source "ChessBase"]
[SourceDate "2011.11.24"]
[SourceVersion "1"]
[SourceVersionDate "2011.11.24"]
[SourceQuality "1"]
[WhiteTeam "Plzen Letna"]
[BlackTeam "Vysehrad II"]
[WhiteTeamCountry "CZE"]
[BlackTeamCountry "CZE"]

1. d4 Nf6 2. c4 g6 3. g3 Bg7 4. Bg2 0-0 5. Nc3 d6 6. Bg5 h6 7. Bf4 Nbd7 8. Nf3 Nh5 9. Bd2 e5 10. dxe5 Nxe5 11. Nxe5 dxe5 12. Qb3 c6 13. Rd1 Qc7 14. Qc2 Nf6 15. 0-0 Be6 16. b3 Rad8 17. Bc1 Rxd1 18. Rxd1 Rd8 19. Ba3 Rxd1+ 20. Qxd1 Qd7 21. Bd6 Ne8 22. Bb8 Qxd1+ 23. Nxd1 a6 24. Nb2 f6 25. b4 Bf8 26. b5 axb5 27. cxb5 cxb5 28. Bxb7 b4 29. Be4 Bxa2 30. Bxg6 Nd6 31. Bd3 Kf7 32. Kf1 Ke6 33. g4 Kd5 34. Ke1 e4 35. Ba6 Nc4 36. Bb7+ Kd4 37. e3+ Kc3 38. Nd1+ Kd3 39. Ba7 b3 40. Bd4 Bb4+ 41. Kf1 Nd2+ 42. Kg2 Kc2 43. Nb2 Bc3 44. Na4 Bxd4 45. exd4 b2 46. Nxb2 Kxb2 47. d5 Nc4 48. Kg3 Nd6 49. Bc6 Kc3 50. Kf4 Kd4 51. Ba4 Bxd5 52. h4 Be6 53. Bc6 f5 54. g5 hxg5+ 55. Kxg5 Nf7+ 56. Kf6 Nd8 57. h5 Nxc6 58. Kxe6 f4 59. h6 Ne5 60. h7 Ng6 61. Kf7 Nh8+ 1/2-1/2